[Event "Saint Quentin 2005"]
[Site "Elancourt"]
[Date "2005.04.28"]
[Round "7.5"]
[White "Couturier, Francois"]
[Black "Le Ray, Olivier"]
[Result "1-0"]
[WhiteElo "2075"]
[BlackElo "1982"]
[PlyCount "39"]
[EventDate "2005.04.??"]

1. d4 d6 2. Nf3 Bg4 3. e4 Nd7 4. h3 Bxf3 5. Qxf3 Ngf6 6. e5 dxe5 7. dxe5 Nxe5
8. Qxb7 Qb8 9. Bb5+ Kd8 10. Qxb8+ Rxb8 11. Be2 e6 12. O-O Bd6 13. Nd2 Ke7 14.
Nf3 Nxf3+ 15. Bxf3 Be5 16. Rb1 Nd5 17. c4 Nb6 18. b3 Nxc4 19. bxc4 Rxb1 20.
Ba3+ 1-0

[Event "Saint Quentin 2005"]
[Site "Elancourt"]
[Date "2005.04.28"]
[Round "7.6"]
[White "Benier, Adrien"]
[Black "D'Avout d'Averstaedt, Geoffroy"]
[Result "1/2-1/2"]
[WhiteElo "1970"]
[BlackElo "2032"]
[PlyCount "97"]
[EventDate "2005.04.??"]

1. e4 e6 2. d4 b6 3. Bd3 Bb7 4. Nf3 Nf6 5. Qe2 d5 6. e5 Nfd7 7. Ng5 Be7 8. Qh5
g6 9. Qh6 Bf8 10. Qh3 Bg7 11. Nc3 a6 12. Ne2 Nc6 13. c3 Qe7 14. Nf3 O-O-O 15.
Bg5 f6 16. exf6 Bxf6 17. Bxf6 Qxf6 18. O-O-O Kb8 19. Qg3 e5 20. dxe5 Ndxe5 21.
Nxe5 Nxe5 22. Rhe1 Rde8 23. f4 Nxd3+ 24. Qxd3 Re4 25. g3 Rhe8 26. Rd2 Re3 27.
Qc2 Qf5 28. Qxf5 gxf5 29. Kd1 c5 30. Rf1 d4 31. cxd4 Bf3 32. Rxf3 Rxf3 33. dxc5
Rf1+ 34. Kc2 bxc5 35. Nc3 Kc7 36. Na4 Kc6 37. Nc3 Rh1 38. Rg2 Re6 39. Kb3 Rh6
40. h4 Rg6 41. Re2 Rh3 42. Re5 Rgxg3 43. Rxf5 Rxh4 44. Kc4 h5 45. Rf6+ Kb7 46.
Kxc5 Rf3 47. Rf7+ Kc8 48. Nd5 Rh2 49. Kd6 1/2-1/2

[Event "Saint Quentin 2005"]
[Site "Elancourt"]
[Date "2005.04.28"]
[Round "7.7"]
[White "Hadet, Emmanuel"]
[Black "Bilquez, Romain"]
[Result "1-0"]
[WhiteElo "2030"]
[BlackElo "2001"]
[PlyCount "84"]
[EventDate "2005.04.??"]

1. c4 c6 2. e4 d5 3. cxd5 cxd5 4. exd5 Nf6 5. Nc3 Nxd5 6. Nf3 g6 7. Bb5+ Bd7 8.
Qb3 Nxc3 9. Ne5 e6 10. dxc3 Qc7 11. Bf4 Bd6 12. Nxd7 Nxd7 13. Bxd7+ Qxd7 14.
Rd1 e5 15. Bxe5 Qe7 16. Qb5+ Kf8 17. Rxd6 Re8 18. Rd5 f6 19. O-O a6 20. Bxf6
axb5 21. Bxe7+ Rxe7 22. Rxb5 Kf7 23. f4 Rd8 24. Re5 Rxe5 25. fxe5+ Ke6 26. Rf6+
Kxe5 27. Rb6 Rd7 28. Kf2 Kd5 29. Rb4 Rc7 30. Ke2 Re7+ 31. Kd3 Rf7 32. h4 Rf2
33. Rxb7 Rxg2 34. a4 Kc6 35. Rb4 Rg1 36. Rd4 h5 37. b4 Rg3+ 38. Kc4 g5 39. hxg5
Rxg5 40. b5+ Kc7 41. a5 Kc8 42. Rd6 Rg1 1-0

[Event "Saint Quentin 2005"]
[Site "Elancourt"]
[Date "2005.04.28"]
[Round "7.8"]
[White "Duval, Sylvain"]
[Black "Hedjazian, Navid"]
[Result "1/2-1/2"]
[WhiteElo "2006"]
[BlackElo "1954"]
[PlyCount "135"]
[EventDate "2005.04.??"]

1. e4 d6 2. d4 Nf6 3. Nc3 g6 4. Be3 c6 5. Qd2 b5 6. f3 Nbd7 7. g4 Bg7 8. Nge2
Qa5 9. Ng3 Nb6 10. Bd3 Rb8 11. O-O b4 12. Nce2 Na4 13. a3 Nxb2 14. Rfb1 Nxd3
15. cxd3 O-O 16. axb4 Qc7 17. Bh6 Bd7 18. Bxg7 Kxg7 19. Qc3 h6 20. h4 Kh7 21.
Ra3 Rb7 22. Rba1 Rfb8 23. Kg2 Ne8 24. Nf4 Qb6 25. Ra6 Qxb4 26. Qxb4 Rxb4 27.
Rxa7 Rb2+ 28. Nfe2 R8b7 29. Kf2 Nc7 30. Ke3 Kg7 31. h5 Bc8 32. hxg6 fxg6 33.
Rxb7 Rxb7 34. Rc1 Bd7 35. Rc2 Nb5 36. Nc3 Nxc3 37. Rxc3 Rb2 38. Ne2 h5 39. gxh5
gxh5 40. Rc1 Kg6 41. Nf4+ Kg5 42. Rg1+ Kh6 43. Rg8 e5 44. dxe5 dxe5 45. Ne2 h4
46. f4 exf4+ 47. Nxf4 h3 48. Nxh3 Bxh3 49. Rh8+ Kg5 50. Rxh3 Rc2 51. Rf3 Rc1
52. Rf5+ Kg6 53. Kd4 Ra1 54. Rc5 Ra6 55. Ke5 Kf7 56. Kd6 Ra3 57. Rf5+ Ke8 58.
Rf3 Rc3 59. e5 c5 60. Rh3 c4 61. Rh8+ Kf7 62. e6+ Kg7 63. Rc8 Rxd3+ 64. Ke7 c3
65. Ke8 Kf6 66. e7 Ke6 67. Rc6+ Kd5 68. Rc7 1/2-1/2

[Event "Saint Quentin 2005"]
[Site "Elancourt"]
[Date "2005.04.28"]
[Round "7.9"]
[White "Mahe, Romain"]
[Black "Aouizerate, Robert"]
[Result "1/2-1/2"]
[WhiteElo "1970"]
[BlackElo "1989"]
[PlyCount "29"]
[EventDate "2005.04.??"]

1. e4 c5 2. Nf3 Nc6 3. d4 cxd4 4. Nxd4 Nf6 5. Nc3 e5 6. Ndb5 d6 7. Bg5 a6 8.
Bxf6 gxf6 9. Na3 f5 10. Bd3 b5 11. Nd5 Be6 12. Qh5 Rg8 13. g3 Rg6 14. Qe2 Rg8
15. Qh5 1/2-1/2

[Event "Saint Quentin 2005"]
[Site "Elancourt"]
[Date "2005.04.28"]
[Round "7.10"]
[White "Legrix, Jean-Marie"]
[Black "Appavou, Calixte"]
[Result "1-0"]
[WhiteElo "1976"]
[BlackElo "1960"]
[PlyCount "37"]
[EventDate "2005.04.??"]

1. d4 d5 2. Nf3 Nf6 3. e3 Nbd7 4. c4 e6 5. Nc3 c6 6. Bd3 Bd6 7. O-O O-O 8. b3
e5 9. dxe5 Nxe5 10. Nxe5 Bxe5 11. Bb2 Ng4 12. g3 Nxh2 13. Qh5 g6 14. Qxh2 h5
15. Na4 Bxb2 16. Nxb2 Kg7 17. Rad1 Bg4 18. f3 Be6 19. Qf2 1-0

[Event "Saint Quentin 2005"]
[Site "Elancourt"]
[Date "2005.04.28"]
[Round "7.11"]
[White "Brunel, Eric"]
[Black "Labarthe, Arnaud"]
[Result "0-1"]
[WhiteElo "1920"]
[BlackElo "2034"]
[PlyCount "96"]
[EventDate "2005.04.??"]

1. e4 d5 2. exd5 Nf6 3. d4 Bg4 4. Be2 Bxe2 5. Nxe2 Qxd5 6. O-O Nc6 7. c3 O-O-O
8. Qb3 e5 9. Qxd5 Rxd5 10. dxe5 Rxe5 11. Ng3 Bc5 12. Nd2 Rhe8 13. b4 Bf8 14.
Bb2 R5e6 15. Nf3 h6 16. a3 Nd7 17. c4 Nde5 18. Nxe5 Nxe5 19. c5 g6 20. Rad1 Nc4
21. Bc1 Bg7 22. Rd3 h5 23. Bg5 Re5 24. h4 R5e6 25. Kh2 Ne5 26. Rb3 Ng4+ 27. Kh3
Re2 28. f3 Nf2+ 29. Kh2 Re1 30. Bd2 Rxf1 31. Nxf1 Re2 32. Bc3 Bxc3 33. Rxc3 Nd1
34. Rd3 Re1 35. Ng3 Nb2 36. Rb3 Nc4 37. Rc3 Ne3 38. Kh3 f5 39. Rd3 f4 40. Kh2
fxg3+ 41. Kxg3 Nf5+ 42. Kf4 Nxh4 43. g4 hxg4 44. fxg4 Rf1+ 45. Kg5 Nf3+ 46. Kh6
Ne5 47. Rd2 Rg1 48. Re2 Nxg4+ 0-1

[Event "Saint Quentin 2005"]
[Site "Elancourt"]
[Date "2005.04.28"]
[Round "7.12"]
[White "Criton, Roland"]
[Black "Francois, Jean"]
[Result "1/2-1/2"]
[WhiteElo "2018"]
[BlackElo "1900"]
[PlyCount "54"]
[EventDate "2005.04.??"]

1. d4 d5 2. Nf3 h6 3. c4 c6 4. Nc3 Nf6 5. e3 e6 6. Bd3 Be7 7. O-O Nbd7 8. Qe2
O-O 9. Rd1 Re8 10. e4 dxe4 11. Nxe4 Nxe4 12. Qxe4 Nf6 13. Qe2 Qc7 14. b3 b6 15.
Bb2 Bb7 16. Rac1 Rad8 17. Bb1 c5 18. Ne5 cxd4 19. Bxd4 Bc5 20. Bb2 Ba8 21. Ng4
Rxd1+ 22. Rxd1 Nxg4 23. Qxg4 e5 24. Qf5 g6 25. Qd7 Qc6 26. Qxc6 Bxc6 27. Kf1 a5
1/2-1/2

[Event "Saint Quentin 2005"]
[Site "Elancourt"]
[Date "2005.04.28"]
[Round "7.13"]
[White "Scozzesi, Francois"]
[Black "Le Scraigne, Eric"]
[Result "0-1"]
[WhiteElo "2010"]
[BlackElo "1740"]
[PlyCount "106"]
[EventDate "2005.04.??"]

1. e4 e6 2. d4 d5 3. Nc3 Bb4 4. e5 c5 5. a3 Bxc3+ 6. bxc3 Ne7 7. a4 Nbc6 8. Nf3
Bd7 9. Be2 Ng6 10. O-O cxd4 11. cxd4 O-O 12. Ba3 Re8 13. Rb1 b6 14. Re1 Nh4 15.
g3 Nxf3+ 16. Bxf3 Na5 17. c3 Nc4 18. Bc1 Rc8 19. Bh5 Rf8 20. Qg4 f5 21. exf6
Qxf6 22. Bg5 Qxf2+ 23. Kh1 Nd2 24. Bxd2 Qxd2 25. Re2 Qxc3 26. Re5 Qd3 27. Qd1
Qxd1+ 28. Bxd1 Rc4 29. Bg4 Rxd4 30. Bxe6+ Bxe6 31. Rxe6 Rxa4 32. Rd6 Ra5 33.
Rd7 h6 34. Re1 Ra2 35. Rxd5 Rff2 36. Rh5 Rab2 37. Kg1 Rfc2 38. Rh4 a5 39. g4 b5
40. Rh3 Rg2+ 41. Kh1 Rxg4 42. Rf3 Rgg2 43. Re8+ Kh7 44. h4 Rge2 45. Ref8 Re1+
46. Rf1 Rxf1+ 47. Rxf1 a4 48. Ra1 Rb3 49. Kg2 a3 50. Kf2 b4 51. Ke2 Rb2+ 52.
Kd3 a2 53. h5 b3 0-1

[Event "Saint Quentin 2005"]
[Site "Elancourt"]
[Date "2005.04.28"]
[Round "7.14"]
[White "Baron, Romuald"]
[Black "Boussaha, Bilal"]
[Result "0-1"]
[WhiteElo "1973"]
[BlackElo "1877"]
[PlyCount "75"]
[EventDate "2005.04.??"]

1. d4 d5 2. Nf3 Nf6 3. c4 e6 4. e3 Be7 5. Nbd2 O-O 6. Bd3 Nbd7 7. b3 b6 8. O-O
Bb7 9. Qc2 c5 10. Ba3 Rc8 11. Ne5 h6 12. Ndf3 cxd4 13. Bxe7 Qxe7 14. exd4 dxc4
15. bxc4 Nxe5 16. dxe5 Nd5 17. Bh7+ Kh8 18. Be4 b5 19. Rfc1 Rxc4 20. Qb1 Nc3
21. Rxc3 Rxc3 22. Bxb7 Qxb7 23. Qb4 Rfc8 24. h3 Rc1+ 25. Rxc1 Rxc1+ 26. Kh2 Kg8
27. Qd6 Qc7 28. Qd3 b4 29. Qb5 a5 30. h4 Rc2 31. Nd4 Rxf2 32. h5 Rf4 33. Qe8+
Kh7 34. Nxe6 fxe6 35. Qg6+ Kg8 36. Qe8+ Rf8 37. Qxe6+ Qf7 38. Qg4 0-1

[Event "Saint Quentin 2005"]
[Site "Elancourt"]
[Date "2005.04.28"]
[Round "7.15"]
[White "Fayolle, Guy"]
[Black "Gahagnon, Jacques"]
[Result "1-0"]
[WhiteElo "1958"]
[BlackElo "1720"]
[PlyCount "39"]
[EventDate "2005.04.??"]

1. e4 e6 2. d4 d5 3. Nc3 dxe4 4. Nxe4 Bd7 5. Be3 Bc6 6. f3 Be7 7. Qd2 Nd7 8.
O-O-O Ngf6 9. Bd3 h6 10. Nxf6+ Nxf6 11. c4 O-O 12. h4 a5 13. g4 Nxg4 14. Rh3
Nxe3 15. Qxe3 Bxh4 16. Ne2 Re8 17. Rg1 g5 18. Rxh4 Kf8 19. Rxh6 f6 20. Bg6 1-0

[Event "Saint Quentin 2005"]
[Site "Elancourt"]
[Date "2005.04.28"]
[Round "7.16"]
[White "Dominguez, Alain"]
[Black "Ferriere, Patrick"]
[Result "1-0"]
[WhiteElo "1920"]
[BlackElo "1720"]
[PlyCount "91"]
[EventDate "2005.04.??"]

1. Nf3 f5 2. c4 Nf6 3. d4 e6 4. e3 Be7 5. Bd3 O-O 6. a3 b6 7. Nc3 Bb7 8. b4 Ne4
9. Bxe4 fxe4 10. Nd2 d5 11. c5 Bh4 12. g3 Qf6 13. O-O Bg5 14. Nb3 c6 15. a4 Nd7
16. Ra2 e5 17. Ne2 exd4 18. exd4 bxc5 19. Na5 Ba6 20. Bxg5 Qxg5 21. Nxc6 cxb4
22. Rb2 Rf3 23. Qc1 Qxc1 24. Rxc1 Bc4 25. Nf4 a5 26. Nxd5 Bxd5 27. Ne7+ Kf7 28.
Nxd5 Ra3 29. Rc7 Ke6 30. Rxd7 Kxd7 31. Nb6+ Kc6 32. Nxa8 Kb7 33. Rc2 Rc3 34.
Re2 e3 35. fxe3 b3 36. d5 Kxa8 37. Rd2 Rc1+ 38. Kf2 Rc2 39. Ke2 Ra2 40. d6 Kb8
41. d7 Rxd2+ 42. Kxd2 Kc7 43. Kc3 Kxd7 44. Kxb3 Kd6 45. Kc4 Kc6 46. g4 1-0

[Event "Saint Quentin 2005"]
[Site "Elancourt"]
[Date "2005.04.28"]
[Round "7.17"]
[White "Fischer, Jean-Claude"]
[Black "Habunek, Patrick"]
[Result "1/2-1/2"]
[WhiteElo "1920"]
[BlackElo "1700"]
[PlyCount "83"]
[EventDate "2005.04.??"]

1. e4 c5 2. f4 Nc6 3. Nf3 e6 4. Bb5 Nge7 5. O-O a6 6. Bxc6 Nxc6 7. d3 g6 8. Nc3
Bg7 9. Ne2 O-O 10. Ng3 f5 11. c3 d5 12. Qc2 dxe4 13. dxe4 h6 14. Be3 c4 15.
Rfd1 Bd7 16. Rd6 Qe8 17. Rad1 Bc8 18. Bc5 Qf7 19. Rxc6 bxc6 20. Bxf8 Qxf8 21.
e5 Qc5+ 22. Kf1 Kf7 23. Qd2 Bf8 24. Qd8 Qe7 25. Qxe7+ Bxe7 26. Ne2 c5 27. Nd2
Ra7 28. Nxc4 Rd7 29. Rxd7 Bxd7 30. Nd2 Bc6 31. c4 Bd8 32. Nb3 Bb6 33. g3 Be4
34. Nec1 g5 35. Ke2 gxf4 36. gxf4 Kg6 37. Nd3 Bxd3+ 38. Kxd3 Kh5 39. Nd2 Kg4
40. Ke3 Kh3 41. Nf1 Kg2 42. Ke2 1/2-1/2

[Event "Saint Quentin 2005"]
[Site "Elancourt"]
[Date "2005.04.28"]
[Round "7.18"]
[White "Duval, Dominique"]
[Black "Szwedkowski, Sylvain"]
[Result "1/2-1/2"]
[WhiteElo "1630"]
[BlackElo "1790"]
[PlyCount "47"]
[EventDate "2005.04.??"]

1. d4 d5 2. Nf3 c6 3. e3 Nf6 4. Bd3 Bg4 5. Nbd2 e6 6. b3 Nbd7 7. Bb2 Bd6 8. O-O
O-O 9. c4 e5 10. cxd5 cxd5 11. e4 Re8 12. Qb1 Bxf3 13. Nxf3 dxe4 14. Bxe4 Rb8
15. dxe5 Nxe5 16. Nxe5 Bxe5 17. Bf3 Qb6 18. Bxe5 Rxe5 19. Qd3 Rd8 20. Qc4 Rc5
21. Qf4 Rc2 22. g3 h6 23. Bg2 Qc7 24. Qxc7 1/2-1/2

[Event "Saint Quentin 2005"]
[Site "Elancourt"]
[Date "2005.04.28"]
[Round "7.19"]
[White "Gaillet, Philippe"]
[Black "Collette, Gilles"]
[Result "0-1"]
[WhiteElo "1310"]
[BlackElo "1790"]
[PlyCount "76"]
[EventDate "2005.04.??"]

1. e4 e6 2. d4 d5 3. exd5 exd5 4. Nf3 Bd6 5. Nc3 c6 6. Bd3 Ne7 7. O-O O-O 8.
Re1 Ng6 9. Bg5 Qc7 10. Ne2 h6 11. Be3 Bg4 12. Ng3 Nd7 13. Be2 f5 14. Nf1 f4 15.
Bd2 Nf6 16. h3 Bd7 17. Bd3 Be8 18. Rxe8 Raxe8 19. Bxg6 Re7 20. Be1 Ne4 21. Qd3
Rf6 22. Nh4 c5 23. c4 cxd4 24. Qxd4 Qxc4 25. Qxc4 dxc4 26. Nd2 Nxd2 27. Bxd2
Re2 28. Bc3 Be5 29. Rd1 Bxc3 30. Rd8+ Rf8 31. Rxf8+ Kxf8 32. bxc3 Rxa2 33. Nf5
Ra3 34. Nd6 Ra6 35. Nxb7 Rxg6 36. Na5 Ra6 37. Nxc4 Rc6 38. Ne5 Rxc3 0-1

[Event "Saint Quentin 2005"]
[Site "Elancourt"]
[Date "2005.04.28"]
[Round "7.20"]
[White "Levier, Jean-Francois"]
[Black "Benhamouda, Mathieu"]
[Result "1-0"]
[WhiteElo "1700"]
[BlackElo "1450"]
[PlyCount "121"]
[EventDate "2005.04.??"]

1. d4 d5 2. Nf3 e6 3. c3 Nf6 4. Bg5 Nbd7 5. e3 Bd6 6. Bd3 e5 7. dxe5 Nxe5 8.
Nxe5 Bxe5 9. O-O h6 10. Bh4 Be6 11. Nd2 O-O 12. Nf3 Qd6 13. Nxe5 Qxe5 14. Bg3
Qg5 15. Bxc7 Bh3 16. Bg3 Bg4 17. Qe1 Nd7 18. h3 Be6 19. Bf4 Qh4 20. Kh2 Nc5 21.
Be2 Rad8 22. Rg1 g5 23. Bg3 Qc4 24. b3 Qb5 25. Be5 Nd3 26. Bxd3 Qxd3 27. Rd1
Qc2 28. Rd2 Qg6 29. f3 b6 30. Qg3 f6 31. Bd6 Rf7 32. Rgd1 Rfd7 33. Ba3 h5 34.
Rd4 Qc2 35. c4 h4 36. Qe1 Qxa2 37. Qb4 dxc4 38. Rxd7 Rxd7 39. Rxd7 Bxd7 40.
bxc4 a5 41. Qf8+ Kh7 42. Be7 Qxc4 43. Bxf6 Qg8 44. Qe7+ Kg6 45. Bxg5 Qg7 46.
Bxh4 Qxe7 47. Bxe7 b5 48. Bd8 a4 49. Be7 Kf7 50. Bc5 Kf6 51. e4 Kg5 52. Kg3 Kh5
53. f4 Kg6 54. Kf3 Kh5 55. g4+ Kh4 56. g5 Bxh3 57. g6 Be6 58. f5 Ba2 59. Kf4
Kh5 60. e5 Kh6 61. e6 1-0

[Event "Saint Quentin 2005"]
[Site "Elancourt"]
[Date "2005.04.28"]
[Round "7.21"]
[White "Durez, Gerard"]
[Black "Rodriguez, Jean-Pierre"]
[Result "1/2-1/2"]
[WhiteElo "1530"]
[BlackElo "1650"]
[PlyCount "89"]
[EventDate "2005.04.??"]

1. d4 d5 2. Nc3 Nf6 3. Bf4 c6 4. e3 e6 5. Bd3 Bd6 6. Bg5 Be7 7. f4 b6 8. a3 Ba6
9. Bxa6 Nxa6 10. Qf3 Nc7 11. b4 h6 12. Bh4 O-O 13. Nge2 Nh7 14. Bf2 f5 15. Rg1
Nf6 16. h3 Nb5 17. g4 Nd6 18. Qh1 Nfe4 19. Nxe4 Nxe4 20. Qg2 Bh4 21. Ng3 Nxf2
22. Kxf2 fxg4 23. hxg4 g5 24. Kf3 gxf4 25. exf4 Bg5 26. Nh5 Qc7 27. Qg3 Bxf4
28. Nxf4 Rxf4+ 29. Kg2 Raf8 30. Kh1 Qg7 31. Rae1 Rf3 32. Qh4 Qg6 33. Qh5 Qf6
34. g5 Qf5 35. gxh6+ Kh8 36. Qxf5 R8xf5 37. Rxe6 Rh5+ 38. Kg2 Rff5 39. Re3
Rfg5+ 40. Rg3 Rxg3+ 41. Kxg3 Rg5+ 42. Kf2 Rxg1 43. Kxg1 Kh7 44. Kf2 Kxh6 45.
Kg3 1/2-1/2

[Event "Saint Quentin 2005"]
[Site "Elancourt"]
[Date "2005.04.28"]
[Round "7.22"]
[White "Sineux, Sandra"]
[Black "Mazaltob, Gerald"]
[Result "1/2-1/2"]
[WhiteElo "1510"]
[BlackElo "1570"]
[PlyCount "58"]
[EventDate "2005.04.??"]

1. e4 c5 2. Nf3 d6 3. Bb5+ Bd7 4. Bxd7+ Nxd7 5. O-O Ngf6 6. Nc3 e6 7. Qe2 a6 8.
d4 cxd4 9. Nxd4 Be7 10. f4 O-O 11. Be3 Qc7 12. f5 e5 13. Nf3 b5 14. Rad1 Rac8
15. Rd2 Nb6 16. Bxb6 Qxb6+ 17. Kh1 Rfd8 18. Nd5 Nxd5 19. Rxd5 Rc4 20. b3 Rc3
21. Rd3 Rdc8 22. Rxc3 Rxc3 23. Rd1 Qc5 24. Ne1 b4 25. Rd3 a5 26. Rxc3 Qxc3 27.
Nd3 Qd4 28. Nf2 Bd8 29. h3 Bb6 1/2-1/2

[Event "Saint Quentin 2005"]
[Site "Elancourt"]
[Date "2005.04.28"]
[Round "7.23"]
[White "Marquet, Didier"]
[Black "O Neill, Liam"]
[Result "1/2-1/2"]
[WhiteElo "1550"]
[BlackElo "1360"]
[PlyCount "185"]
[EventDate "2005.04.??"]

1. e4 g6 2. Nf3 Bg7 3. d3 d6 4. c3 Nd7 5. Be2 e5 6. O-O Ngf6 7. Nbd2 O-O 8. Nb3
Re8 9. Re1 b6 10. Nbd2 Bb7 11. Rb1 a5 12. h3 Nh5 13. Nf1 Nc5 14. Ng3 Nxg3 15.
fxg3 Qd7 16. Nh2 f5 17. Bf3 d5 18. b4 axb4 19. cxb4 Na4 20. Qb3 Red8 21. Bg5
Re8 22. exd5 Kh8 23. Rbc1 h6 24. Bd2 Red8 25. Nf1 Bxd5 26. Bxd5 Qxd5 27. Rxc7
Qxb3 28. axb3 Nb2 29. Bc3 Nxd3 30. Rd1 Ra3 31. Nd2 Raa8 32. Kf1 Rac8 33. Rxc8
Rxc8 34. Nb1 e4 35. Bxg7+ Kxg7 36. b5 Rc1 37. Ke2 Rc5 38. Na3 Rc3 39. Rb1 Rc5
40. Ke3 Kf6 41. g4 Ke5 42. Nc4+ Ke6 43. gxf5+ gxf5 44. Na3 Kd5 45. g3 Rc3 46.
Kd2 Rc7 47. Rf1 Ke6 48. Nc4 Rc5 49. Na3 Rc7 50. Nc2 Ke5 51. Ne3 Rf7 52. Nc4+
Ke6 53. Ra1 Nc5 54. Kc3 Rg7 55. Re1 f4 56. g4 f3 57. Rf1 Rf7 58. Ne3 Ke5 59. h4
Rf4 60. g5 hxg5 61. hxg5 Ne6 62. g6 Ng7 63. Kc4 Rh4 64. Rg1 Rf4 65. b4 f2 66.
Rf1 Rf3 67. Ng4+ Kf5 68. Nh2 Rf4 69. Kc3 Kxg6 70. Kd2 Nh5 71. Ke3 Kf5 72. Rxf2
Rxf2 73. Kxf2 Ke5 74. Ke3 Kd5 75. Ng4 Kc4 76. Kxe4 Kxb4 77. Kd4 Kxb5 78. Ne5
Kb4 79. Nd3+ Kb3 80. Ne5 Nf4 81. Nd7 b5 82. Kc5 Ka4 83. Nb6+ Ka5 84. Nc4+ Ka6
85. Na3 Nd3+ 86. Kd4 b4 87. Nc4 Nc1 88. Nd2 Ka5 89. Nb1 Ka4 90. Kc4 b3 91. Kc3
Na2+ 92. Kb2 Nb4 93. Nc3+ 1/2-1/2

[Event "Saint Quentin 2005"]
[Site "Elancourt"]
[Date "2005.04.28"]
[Round "7.24"]
[White "Vallobra, Pierre"]
[Black "Miolane, Leo"]
[Result "1/2-1/2"]
[WhiteElo "1360"]
[BlackElo "1550"]
[PlyCount "160"]
[EventDate "2005.04.??"]

1. d4 d5 2. c4 e6 3. Nc3 Nf6 4. Bg5 Be7 5. Nf3 O-O 6. e3 Nbd7 7. cxd5 exd5 8.
Bd3 c6 9. Bc2 Re8 10. Qd3 Nf8 11. O-O-O b5 12. h4 b4 13. Nb1 Qa5 14. h5 Ba6 15.
Qf5 h6 16. Bxf6 Bxf6 17. g4 Be2 18. g5 hxg5 19. Nxg5 Bxg5 20. Qxg5 Qd8 21. Rdg1
Qxg5 22. Rxg5 Nh7 23. Rgg1 Bf3 24. Rh3 Be4 25. h6 g6 26. Nd2 Bxc2 27. Kxc2 Ng5
28. Nf3 Ne4 29. Rg2 Rac8 30. Kb3 a5 31. Ka4 Ra8 32. Ne5 Ra6 33. f4 Nd6 34. Nxg6
fxg6 35. Rxg6+ Kh7 36. Rxd6 Re7 37. Rg3 Rf7 38. Rf3 Rf5 39. Rg3 Rf7 40. Rgg6
Rc7 41. a3 bxa3 42. Kxa3 a4 43. b3 axb3+ 44. Kxb3 Rb7+ 45. Kc2 Ra2+ 46. Kc1
Ra1+ 47. Kc2 Ra2+ 48. Kc3 Ra3+ 49. Kd2 Ra2+ 50. Kc1 Ra1+ 51. Kc2 Ra2+ 52. Kc3
Ra3+ 53. Kd2 Ra2+ 54. Kc1 Ra1+ 55. Kd2 Ra2+ 56. Kc3 Ra3+ 57. Kc2 Ra2+ 58. Kc1
Ra1+ 59. Kd2 Ra2+ 60. Kc3 Ra3+ 61. Kc2 Ra2+ 62. Kc1 Ra1+ 63. Kd2 Ra2+ 64. Kc3
Ra3+ 65. Kc2 Ra2+ 66. Kc1 Ra1+ 67. Kd2 Ra2+ 68. Kc3 Ra3+ 69. Kc2 Ra2+ 70. Kc1
Ra1+ 71. Kd2 Ra2+ 72. Kc1 Ra1+ 73. Kc2 Ra2+ 74. Kc3 Ra3+ 75. Kd2 Ra2+ 76. Kc1
Ra1+ 77. Kc2 Ra2+ 78. Kc3 Ra3+ 79. Kd2 Ra2+ 80. Kc1 Ra1+ 1/2-1/2

[Event "Saint Quentin 2005"]
[Site "Elancourt"]
[Date "2005.04.28"]
[Round "7.25"]
[White "Guillet, Jacques"]
[Black "Branson, James"]
[Result "0-1"]
[WhiteElo "1230"]
[BlackElo "1499"]
[PlyCount "64"]
[EventDate "2005.04.??"]

1. e4 e5 2. Nf3 Nc6 3. d4 exd4 4. Bc4 Bc5 5. O-O Qf6 6. e5 Qd8 7. c3 dxc3 8.
Qd5 Qe7 9. bxc3 Na5 10. Bg5 Qe6 11. Qxe6+ dxe6 12. Bb5+ c6 13. Ba4 Ne7 14. Nbd2
h6 15. Bf4 Ng6 16. Bg3 Bb6 17. Bc2 O-O 18. Rad1 Bc7 19. Rfe1 b6 20. Nh4 Nxh4
21. Bxh4 Bb7 22. f4 Rac8 23. f5 c5 24. Re3 Nc6 25. Rde1 exf5 26. Bxf5 Rce8 27.
e6 fxe6 28. Bxe6+ Kh8 29. Nf3 g5 30. Bf2 Nd8 31. Nxg5 hxg5 32. Bh3 Kg7 0-1

[Event "Saint Quentin 2005"]
[Site "Elancourt"]
[Date "2005.04.28"]
[Round "7.27"]
[White "Benchara, Sara"]
[Black "Benchara, Imane"]
[Result "0-1"]
[WhiteElo "1150"]
[BlackElo "1320"]
[PlyCount "48"]
[EventDate "2005.04.??"]

1. d4 d5 2. c4 c6 3. Nf3 Nf6 4. Nc3 Nbd7 5. e3 e6 6. Be2 Be7 7. O-O O-O 8. Bd2
Qc7 9. Re1 Nb6 10. Rc1 Bd7 11. Nh4 Rfe8 12. Bh5 e5 13. dxe5 Qxe5 14. Kf1 Nxh5
15. Nf3 Qc7 16. Nd4 Nf6 17. b3 Bg4 18. Qc2 Qxh2 19. f3 Bd7 20. f4 Ng4 21. Ke2
Qxg2+ 22. Kd3 Bf6 23. Nf5 Bxf5+ 24. Ne4 Bxe4# 0-1

[Event "Saint Quentin 2005"]
[Site "Elancourt"]
[Date "2005.04.28"]
[Round "7.28"]
[White "Salaun, Alexandre"]
[Black "Poudroux, Joel"]
[Result "1-0"]
[WhiteElo "1210"]
[BlackElo "1199"]
[PlyCount "95"]
[EventDate "2005.04.??"]

1. e4 e5 2. Nf3 Nf6 3. Nc3 Nc6 4. Bb5 Bc5 5. Bxc6 bxc6 6. O-O d6 7. Qe2 a5 8.
d3 Qe7 9. Na4 d5 10. Be3 Ba7 11. c3 dxe4 12. Ng5 exd3 13. Qxd3 O-O 14. f4 Rd8
15. Qe2 Bg4 16. Qf2 exf4 17. Bxa7 Qd6 18. Bc5 Qd5 19. Qxf4 h6 20. c4 Qd3 21.
Nxf7 Kxf7 22. Qxc7+ Qd7 23. Qf4 Qe6 24. Nc3 g5 25. Qg3 Qxc4 26. Qe5 Qe6 27. Qg3
Be2 28. Rfe1 Qc4 29. Qe3 Re8 30. Qf2 Bd3 31. Rad1 a4 32. a3 Rad8 33. Bb6 Rd7
34. Rxe8 Kxe8 35. Qxf6 Qb3 36. Qe6+ Qxe6 37. Kf2 Re7 38. Bc5 Qf6+ 39. Kg1 Rf7
40. Re1+ Kd7 41. h3 Qf5 42. Nxa4 g4 43. Nb6+ Kc7 44. Na4 gxh3 45. Bb6+ Kd6 46.
Bc5+ Kd5 47. b4 Qg4 48. Nb6# 1-0

[Event "Saint Quentin 2005"]
[Site "Elancourt"]
[Date "2005.04.29"]
[Round "8.1"]
[White "Bogdanov, Emil"]
[Black "Sulypa, Alexandre"]
[Result "1/2-1/2"]
[WhiteElo "2250"]
[BlackElo "2480"]
[PlyCount "26"]
[EventDate "2005.04.??"]

1. e4 e5 2. Nf3 Nc6 3. Nc3 Nf6 4. Bb5 Bb4 5. O-O Bxc3 6. dxc3 O-O 7. Bg5 d6 8.
Qd3 Qe7 9. h3 Nd8 10. Nh2 Ne6 11. Bxf6 Qxf6 12. Qf3 Qxf3 13. Nxf3 a6 1/2-1/2

[Event "Saint Quentin 2005"]
[Site "Elancourt"]
[Date "2005.04.29"]
[Round "8.2"]
[White "Radulov, Ivan"]
[Black "Couturier, Francois"]
[Result "1-0"]
[WhiteElo "2334"]
[BlackElo "2075"]
[PlyCount "79"]
[EventDate "2005.04.??"]

1. Nf3 Nf6 2. g3 d5 3. c4 c6 4. b3 g6 5. Bb2 Bg7 6. Bg2 Bf5 7. O-O Bxb1 8. Rxb1
O-O 9. Qc2 e6 10. d3 Nbd7 11. e4 Qc7 12. cxd5 exd5 13. e5 Ng4 14. d4 Rfe8 15.
Ne1 Rac8 16. Nd3 c5 17. h3 Nh6 18. Rbc1 Nf5 19. Bxd5 Bh6 20. dxc5 Bg7 21. Rfe1
Nxe5 22. Nxe5 Bxe5 23. Rxe5 Rxe5 24. Bxe5 Qxe5 25. Qe4 Qd4 26. Qxd4 Nxd4 27.
Rc4 Nc6 28. Bxc6 Rxc6 29. b4 a6 30. Kg2 f5 31. Rd4 Rc7 32. Kf3 Kf7 33. Ke3 g5
34. Rd6 Kg7 35. Kd4 h5 36. Ke5 Rf7 37. Ke6 f4 38. Rd7 Rxd7 39. Kxd7 g4 40. hxg4
1-0

[Event "Saint Quentin 2005"]
[Site "Elancourt"]
[Date "2005.04.29"]
[Round "8.3"]
[White "Baron, Daniel"]
[Black "Gerard, Nicolas"]
[Result "1/2-1/2"]
[WhiteElo "2134"]
[BlackElo "2334"]
[PlyCount "132"]

1. d4 Nf6 2. c4 g6 3. Nc3 d5 4. Nf3 Bg7 5. Bg5 dxc4 6. e3 a6 7. Bxc4 O-O 8. O-O
b5 9. Bd3 Nbd7 10. b4 Bb7 11. a4 bxa4 12. Nxa4 a5 13. b5 Nd5 14. Rc1 h6 15. Bh4
Nb4 16. Qb3 Nb6 17. Nc5 Bd5 18. Qd1 Nxd3 19. Qxd3 Bxf3 20. gxf3 Qd5 21. Qe4 e6
22. Na6 f5 23. Qxd5 Nxd5 24. f4 Ra7 25. Rc6 Rb7 26. Rb1 Kf7 27. Rc4 Ra8 28. Nc5
Rb6 29. Na4 Rba6 30. Kf1 Bf8 31. Ke2 R6a7 32. f3 Nb6 33. Nxb6 cxb6 34. Be1 Rd7
35. Rbc1 a4 36. Kd3 a3 37. Bb4 a2 38. Ra1 Bxb4 39. Rxb4 Ra3+ 40. Kd2 Rc7 41.
Rb2 Rcc3 42. Rbxa2 Rd3+ 43. Kc2 Rxa2+ 44. Rxa2 Rxe3 45. Ra7+ Kf6 46. Rb7 Rxf3
47. Rxb6 Rxf4 48. d5 Re4 49. Rc6 Re5 50. dxe6 Rxe6 51. Rc4 g5 52. Kd3 f4 53.
Rb4 Rb6 54. Ke4 Kg6 55. h4 gxh4 56. Kxf4 Kf6 57. Kf3 Kg6 58. Kg4 Rd6 59. Rb3
Rb6 60. Rb4 Kf6 61. Rb3 Rb8 62. b6 Ra8 63. Rb5 Ra4+ 64. Kf3 Ra3+ 65. Kf2 Ra8
66. Kf3 Rb8 1/2-1/2

[Event "Saint Quentin 2005"]
[Site "Elancourt"]
[Date "2005.04.29"]
[Round "8.4"]
[White "Bouverot, Olivier"]
[Black "Plantet, Marc"]
[Result "1-0"]
[WhiteElo "2138"]
[BlackElo "2036"]
[PlyCount "35"]
[EventDate "2005.04.??"]

1. d4 Nf6 2. Nf3 e6 3. Bf4 d5 4. Nbd2 Bd6 5. Bg3 O-O 6. e3 Nbd7 7. Bd3 Qe7 8.
Ne5 Re8 9. f4 Nf8 10. Bh4 Ng6 11. Nxg6 hxg6 12. Nf3 Qf8 13. Ne5 c5 14. c3 c4
15. Bc2 b5 16. Qf3 Bb7 17. O-O Ne4 18. Nd7 1-0